000 00800nam a2200241 i 4500
001 141014
003 ES-MaACL
005 20250814045708.0
007 t|
008 070919s1966 sp ||||1| spa d
080 _a536(075.8)
080 _a531(075.8)
100 1 _aYoung, Hugh D.
_9117693
245 1 0 _aFundamentos de mecánica y calor /
_cHugh D. Young ; traducido por Leonardo Larios Aracama ; revisado por Francisco Aguilar Bartolomé.
260 _aMadrid :
_bCastilla,
_c1966.
300 _aXVIII, 621 p. :
_bil. ;
_c24 cm.
650 0 7 _aMecánica
_2embne
_914869
650 4 _aTermodinámica.
_917486
700 1 _aLarios Aracama, Leonardo.
_970262
700 1 _aAguilar Bartolomé, Francisco.
_918712
852 _aES-MaACL
_jC-29049
_bR.58375
999 _c141014
_d141014